000 00648cam a22002292 4500
001 0000004592
005 20151217145818.0
008 070525s xx 000 0 eng d
020 _a0716743485 :
_cKES 400
040 _aKABU
_cKABU
050 0 _aQH308.2
_b.L54 2001
245 1 0 _aLife :
_bthe science of biology /
_cWilliam K. Purves .... [et al.]
250 _a6th ed.
260 _aW. H. Freeman,
_c2001.
300 _axxxviii, 377 p.
362 0 _av. 1.
650 0 _aBiology.
_@0000003707
700 1 _aPurves, William.
_@0000155226
908 _a070525
950 _@1
999 _c2802
_d2802